000 00347nam a2200121Ia 4500
008 231228s1999 xx 000 0 und d
041 _aeng
082 _a658.4
_bBRO
100 _aBROOKS (I)
245 _aOrganisational Behaviour: Individuals Groups and the Organisation
260 _aLondon
_bPitman Publication London
_c1999
300 _aIX,310
999 _c1086326
_d1086326